[Event "2nd Gujarat Open 2019"]
[Site "Ahmedabad, Gujarat"]
[Date "2019.09.29"]
[Round "10.13"]
[White "Eraschenkov, Denis"]
[Black "Liyanage, Ranindu Dilshan"]
[Result "1-0"]
[WhiteElo "2390"]
[BlackElo "1956"]
[Annotator "ChessBase"]
[PlyCount "111"]
[EventDate "2019.09.22"]
[EventType "swiss"]
[EventCountry "IND"]
[SourceTitle "playchess.com"]
[Source "ChessBase"]
[SourceQuality "1"]
[TimeControl "5400+30"]

1. e4 {[%emt 0:00:00]} c5 {[%emt 0:00:00]} 2. Nf3 {[%emt 0:00:00]} d6 {[%emt 0:00:00]} 3. c3 {[%emt 0:00:00]} Nf6 {[%emt 0:00:02]} 4. h3 {[%emt 0:00:01]} Nc6 {[%emt 0:00:08]} 5. Bd3 d5 {[%emt 0:00:25]} 6. e5 {[%emt 0:00:42]} Nd7 {[%emt 0:00:05]} 7. Bb5 {[%emt 0:01:46]} Qb6 {[%emt 0:00:18]} 8. Ba4 {[%emt 0:01:54]} Qa6 {[%emt 0:06:13]} 9. Na3 {[%emt 0:02:06]} e6 {[%emt 0:00:30]} 10. Nb5 {[%emt 0:05:00]} Qa5 {[%emt 0:02:17]} 11. O-O {[%emt 0:01:14]} a6 {[%emt 0:01:22]} 12. Nd6+ {[%emt 0:00:34]} Bxd6 {[%emt 0:00:54]} 13. exd6 {[%emt 0:00:05]} c4 {[%emt 0:09:05]} 14. d4 {[%emt 0:04:33]} cxd3 {[%emt 0:05:28]} 15. b4 {[%emt 0:03:03]} Qd8 {[%emt 0:03:25]} 16. Qxd3 {[%emt 0:01:22]} O-O {[%emt 0:02:16]} 17. Re1 {[%emt 0:21:32]} Nf6 {[%emt 0:09:44]} 18. Bg5 {[%emt 0:02:30]} Qxd6 {[%emt 0:01:46]} 19. Bc2 {[%emt 0:03:51]} e5 {[%emt 0:14:05]} 20. Qe3 {[%emt 0:16:08]} e4 {[%emt 0:04:54]} 21. Nd4 {[%emt 0:02:25]} h6 {[%emt 0:04:45]} 22. Bf4 {[%emt 0:02:21]} Qe7 {[%emt 0:00:44]} 23. Rad1 {[%emt 0:02:35]} Nxd4 {[%emt 0:02:16]} 24. Rxd4 {[%emt 0:05:47]} Be6 {[%emt 0:02:53]} 25. c4 {[%emt 0:02:02]} Rfc8 {[%emt 0:04:08]} 26. c5 {[%emt 0:04:27]} b6 {[%emt 0:01:29]} 27. Bd6 {[%emt 0:02:37]} Qd7 {[%emt 0:00:41]} 28. Bb3 {[%emt 0:00:28]} a5 {[%emt 0:12:13]} 29. Be5 {[%emt 0:01:05]} bxc5 {[%emt 0:02:32]} 30. bxc5 {[%emt 0:00:09]} a4 {[%emt 0:01:08]} 31. c6 {[%emt 0:04:44]} Qxc6 {[%emt 0:01:03]} 32. Bxf6 {[%emt 0:00:56]} axb3 {[%emt 0:02:19]} 33. Qg3 {[%emt 0:00:57]} Bg4 {[%emt 0:00:11]} 34. Bxg7 {[%emt 0:03:22]} bxa2 {[%emt 0:00:39]} 35. Be5 {[%emt 0:03:14]} a1=Q {[%emt 0:00:46]} 36. Rdxe4 {[%emt 0:00:43]} Qxe1+ {[%emt 0:03:34]} 37. Rxe1 {[%emt 0:00:05]} Qg6 {[%emt 0:00:14]} 38. hxg4 {[%emt 0:00:14]} Rc4 {[%emt 0:00:55]} 39. f3 {[%emt 0:02:31]} Rac8 {[%emt 0:00:51]} 40. Kh2 {[%emt 0:00:42]} d4 {[%emt 0:02:12]} 41. Rd1 {[%emt 0:01:50]} d3 {[%emt 0:00:30]} 42. f4 {[%emt 0:00:29]} Rd8 {[%emt 0:00:38]} 43. Qh4 {[%emt 0:00:36]} Rcc8 {[%emt 0:00:42]} 44. Rd2 {[%emt 0:00:29]} Rd7 {[%emt 0:00:40]} 45. Bf6 {[%emt 0:00:31]} Rc2 {[%emt 0:00:36]} 46. f5 {[%emt 0:00:32]} Qh7 {[%emt 0:00:24]} 47. Qg3 {[%emt 0:00:36]} Rc8 {[%emt 0:00:43]} 48. Rxd3 {[%emt 0:00:13]} Rxd3 {[%emt 0:00:11]} 49. Qxd3 {[%emt 0:00:02]} h5 {[%emt 0:00:51]} 50. g5 {[%emt 0:00:15]} h4 {[%emt 0:00:27]} 51. Qd7 {[%emt 0:00:31]} Ra8 {[%emt 0:00:19]} 52. Qc6 {[%emt 0:00:16]} Rb8 {[%emt 0:00:46]} 53. Be5 {[%emt 0:00:14]} Rd8 {[%emt 0:00:31]} 54. Qf6 {[%emt 0:00:42]} Rf8 {[%emt 0:00:22]} 55. g6 {[%emt 0:00:44]} Qh6 {[%emt 0:00:47]} 56. g7 {[%emt 0:00:20]} 1-0

[Event "2nd Gujarat Open 2019"]
[Site "Ahmedabad, Gujarat"]
[Date "2019.09.29"]
[Round "10.14"]
[White "Sidhant, Mohapatra"]
[Black "Kadam Om Manish"]
[Result "1-0"]
[WhiteElo "2357"]
[BlackElo "1930"]
[Annotator "ChessBase"]
[PlyCount "65"]
[EventDate "2019.09.22"]
[EventType "swiss"]
[EventCountry "IND"]
[SourceTitle "playchess.com"]
[Source "ChessBase"]
[SourceQuality "1"]
[TimeControl "5400+30"]

1. e4 {[%emt 0:00:00]} c5 {[%emt 0:00:00]} 2. Nf3 {[%emt 0:00:00]} d6 {[%emt 0:00:00]} 3. c3 {[%emt 0:00:29]} Nf6 {[%emt 0:00:00]} 4. Bd3 {[%emt 0:00:19]} g6 {[%emt 0:00:11]} 5. O-O {[%emt 0:01:23]} Bg7 {[%emt 0:00:11]} 6. Bc2 {[%emt 0:00:10]} O-O {[%emt 0:00:56]} 7. d4 {[%emt 0:00:45]} cxd4 {[%emt 0:00:29]} 8. cxd4 {[%emt 0:00:02]} d5 {[%emt 0:00:09]} 9. e5 {[%emt 0:00:35]} Ne8 {[%emt 0:00:07]} 10. h3 {[%emt 0:01:27]} Nc6 {[%emt 0:00:10]} 11. Nc3 {[%emt 0:00:43]} Nc7 {[%emt 0:00:17]} 12. Be3 {[%emt 0:02:36]} b5 {[%emt 0:01:22]} 13. Rc1 {[%emt 0:00:17]} Qd7 {[%emt 0:10:18]} 14. Qd2 {[%emt 0:04:02]} Ne6 {[%emt 0:05:14]} 15. Bb3 {[%emt 0:11:08]} Nc7 {[%emt 0:00:37]} 16. Ne2 {[%emt 0:00:13]} Bb7 {[%emt 0:02:18]} 17. Nf4 {[%emt 0:04:00]} Rfc8 {[%emt 0:01:15]} 18. Rc5 {[%emt 0:00:40]} Nd8 {[%emt 0:04:38]} 19. Nd3 {[%emt 0:11:02]} Nce6 {[%emt 0:01:48]} 20. Rxc8 {[%emt 0:02:52]} Rxc8 {[%emt 0:00:04]} 21. h4 {[%emt 0:00:11]} Nc6 {[%emt 0:01:19]} 22. h5 {[%emt 0:02:34]} a5 {[%emt 0:11:48]} 23. hxg6 {[%emt 0:04:03]} hxg6 {[%emt 0:00:08]} 24. g3 {[%emt 0:00:15]} a4 {[%emt 0:01:24]} 25. Bd1 {[%emt 0:00:09]} Kh7 {[%emt 0:02:41]} 26. Nf4 {[%emt 0:01:05]} Nxf4 {[%emt 0:02:46]} 27. Bxf4 {[%emt 0:00:27]} Rh8 {[%emt 0:00:49]} 28. e6 {[%emt 0:00:09]} fxe6 {[%emt 0:00:38]} 29. Qd3 {[%emt 0:01:44]} Nxd4 {[%emt 0:06:31]} 30. Ng5+ {[%emt 0:01:38]} Kg8 {[%emt 0:00:08]} 31. Qxg6 {[%emt 0:00:08]} Rh6 {[%emt 0:00:06]} 32. Qf7+ {[%emt 0:00:04]} Kh8 {[%emt 0:00:07]} 33. Be5 {[%emt 0:00:04]} 1-0

[Event "2nd Gujarat Open 2019"]
[Site "Ahmedabad, Gujarat"]
[Date "2019.09.29"]
[Round "10.15"]
[White "Kiran, Manisha Mohanty"]
[Black "Sahoo, Utkal Ranjan"]
[Result "1/2-1/2"]
[WhiteElo "2102"]
[BlackElo "2329"]
[Annotator "ChessBase"]
[PlyCount "94"]
[EventDate "2019.09.22"]
[EventType "swiss"]
[EventCountry "IND"]
[SourceTitle "playchess.com"]
[Source "ChessBase"]
[SourceQuality "1"]
[TimeControl "5400+30"]

1. e4 e5 2. Nf3 Nc6 3. Bb5 Nf6 4. O-O Nxe4 5. d4 Nd6 6. Bxc6 dxc6 7. dxe5 Nf5 8. Qxd8+ Kxd8 9. Nc3 Ke8 10. h3 Be7 11. b3 Be6 12. Ne4 h6 13. Bb2 Rd8 14. Rad1 Rxd1 15. Rxd1 h5 16. Bc1 Bd5 17. Re1 c5 18. Bg5 b6 19. c3 h4 20. Bf4 Kd7 21. Nfg5 Bxg5 22. Nxg5 Be6 23. Rd1+ Kc6 24. Kh2 a5 25. g4 Ne7 26. Nxe6 fxe6 27. Bg5 Ng6 28. Rd8 Rxd8 29. Bxd8 b5 30. Bg5 Nxe5 31. Bxh4 Nd3 32. Bg3 Nc1 33. Be5 g5 34. f4 gxf4 35. g5 Kd7 36. Bxf4 Nxa2 37. c4 bxc4 38. bxc4 Nb4 39. h4 Nd3 40. Bd2 Ke7 41. Bxa5 Kf7 42. h5 Nf4 43. h6 Kg6 44. Bxc7 Nd3 45. Bd6 Nb2 46. Bxc5 Nxc4 47. Kg3 Ne5 1/2-1/2

[Event "2nd Gujarat Open 2019"]
[Site "Ahmedabad, Gujarat"]
[Date "2019.09.29"]
[Round "10.16"]
[White "Satkar, Chirag"]
[Black "Rathnakaran, K.."]
[Result "0-1"]
[WhiteElo "2052"]
[BlackElo "2325"]
[Annotator "NA"]
[PlyCount "160"]
[EventDate "2019.09.22"]
[EventType "swiss"]
[EventCountry "IND"]
[SourceTitle "playchess.com"]
[Source "ChessBase"]
[SourceQuality "1"]
[TimeControl "5400+30"]

1. d4 {[%emt 0:00:00]} g6 {[%emt 0:00:00]} 2. c4 {[%emt 0:00:00]} Bg7 {[%emt 0:00:00]} 3. Nc3 {[%emt 0:00:08]} d6 {[%emt 0:00:00]} 4. e4 {[%emt 0:00:26]} Nc6 {[%emt 0:00:00]} 5. Be3 {[%emt 0:00:53]} e5 {[%emt 0:00:02]} 6. d5 {[%emt 0:01:45]} Nce7 {[%emt 0:00:06]} 7. Qd2 {[%emt 0:15:27]} f5 {[%emt 0:00:05]} 8. f3 {[%emt 0:00:04]} f4 {[%emt 0:00:16]} 9. Bf2 {[%emt 0:00:09]} Nf6 {[%emt 0:00:04]} 10. O-O-O {[%emt 0:00:17]} a6 {[%emt 0:00:16]} 11. Kb1 {[%emt 0:00:39]} Bd7 {[%emt 0:00:12]} 12. Nge2 {[%emt 0:09:27]} b5 {[%emt 0:00:06]} 13. c5 {[%emt 0:01:15]} O-O {[%emt 0:00:42]} 14. a3 {[%emt 0:08:44]} Qb8 {[%emt 0:00:07]} 15. Nc1 {[%emt 0:02:58]} b4 {[%emt 0:00:21]} 16. axb4 {[%emt 0:00:27]} Qxb4 {[%emt 0:00:07]} 17. N3a2 {[%emt 0:00:46]} Qb8 {[%emt 0:01:22]} 18. c6 {[%emt 0:09:07]} Be8 {[%emt 0:00:28]} 19. g4 {[%emt 0:02:05]} Bf7 {[%emt 0:00:06]} 20. Nc3 {[%emt 0:02:08]} g5 {[%emt 0:00:06]} 21. h4 {[%emt 0:01:10]} h6 {[%emt 0:00:09]} 22. h5 {[%emt 0:03:07]} Kh8 {[%emt 0:00:22]} 23. Qc2 {[%emt 0:06:05]} Bg8 {[%emt 0:01:25]} 24. Ka1 {[%emt 0:00:43]} Qe8 {[%emt 0:03:30]} 25. Nb3 {[%emt 0:00:58]} a5 {[%emt 0:01:24]} 26. Bb5 {[%emt 0:07:20]} Qb8 {[%emt 0:00:24]} 27. Ba4 {[%emt 0:03:18]} Nc8 {[%emt 0:00:06]} 28. Nc1 {[%emt 0:02:21]} Nb6 {[%emt 0:00:10]} 29. Bb3 {[%emt 0:01:19]} a4 {[%emt 0:00:42]} 30. Ba2 {[%emt 0:00:02]} Ra5 {[%emt 0:00:16]} 31. N1e2 {[%emt 0:02:39]} Qa7 {[%emt 0:01:59]} 32. Rd2 {[%emt 0:03:21]} Rb8 {[%emt 0:00:52]} 33. Nb1 {[%emt 0:02:39]} Qa8 {[%emt 0:03:01]} 34. Nec3 {[%emt 0:00:12]} Nc8 {[%emt 0:02:54]} 35. Na3 {[%emt 0:00:17]} Rb4 {[%emt 0:00:25]} 36. Nc4 {[%emt 0:02:16]} Ra6 {[%emt 0:00:06]} 37. Rc1 {[%emt 0:00:39]} Qb8 {[%emt 0:02:06]} 38. Qd1 {[%emt 0:01:10]} Ne7 {[%emt 0:01:38]} 39. Na3 {[%emt 0:00:12]} Ra8 {[%emt 0:00:27]} 40. Rcc2 {[%emt 0:00:57]} Bf7 {[%emt 0:02:52]} 41. Qe2 {[%emt 0:00:39]} Qc8 {[%emt 0:00:51]} 42. Ncb5 {[%emt 0:01:19]} Ra5 {[%emt 0:00:57]} 43. Nc3 {[%emt 0:00:51]} Qb8 {[%emt 0:03:22]} 44. Nc4 {[%emt 0:00:33]} Ra8 {[%emt 0:02:52]} 45. Na3 {[%emt 0:00:09]} Nc8 {[%emt 0:01:22]} 46. Nc4 {[%emt 0:01:13]} Ng8 {[%emt 0:00:41]} 47. Na3 {[%emt 0:00:37]} Nge7 {[%emt 0:00:29]} 48. Bc4 {[%emt 0:00:53]} Na7 {[%emt 0:02:06]} 49. Ba2 {[%emt 0:00:37]} Bf6 {[%emt 0:01:14]} 50. Ncb1 {[%emt 0:00:38]} Kg7 {[%emt 0:00:47]} 51. Nc3 {[%emt 0:01:02]} Be8 {[%emt 0:02:46]} 52. Bg1 {[%emt 0:00:46]} Kh8 {[%emt 0:03:57]} 53. Bf2 {[%emt 0:00:06]} Bg7 {[%emt 0:00:05]} 54. Bg1 {[%emt 0:00:26]} Bf7 {[%emt 0:04:58]} 55. Bf2 {[%emt 0:00:03]} Bg8 {[%emt 0:00:09]} 56. Bg1 {[%emt 0:00:04]} Bh7 {[%emt 0:00:06]} 57. Bf2 {[%emt 0:00:24]} Ng8 {[%emt 0:03:42]} 58. Bg1 {[%emt 0:00:56]} Nf6 {[%emt 0:00:04]} 59. Bf2 {[%emt 0:00:20]} Nc8 {[%emt 0:00:15]} 60. Bc4 {[%emt 0:00:40]} Ne7 {[%emt 0:00:40]} 61. Ba2 {[%emt 0:01:26]} Bg8 {[%emt 0:01:43]} 62. Bg1 {[%emt 0:00:06]} Bf7 {[%emt 0:00:04]} 63. Bf2 {[%emt 0:00:31]} Qc8 {[%emt 0:02:20]} 64. Bg1 {[%emt 0:01:17]} Neg8 {[%emt 0:04:26]} 65. Nd1 {[%emt 0:00:48]} Ra5 {[%emt 0:03:20]} 66. Bc4 {[%emt 0:00:15]} Qa8 {[%emt 0:01:32]} 67. Ba2 {[%emt 0:00:16]} Rb3 {[%emt 0:00:24]} 68. Nc3 {[%emt 0:00:58]} Qc8 {[%emt 0:03:13]} 69. Nd1 {[%emt 0:01:18]} Nxg4 {[%emt 0:04:24]} 70. Bxb3 {[%emt 0:01:24]} axb3 {[%emt 0:00:34]} 71. Rc3 {[%emt 0:00:35]} N4f6 {[%emt 0:01:05]} 72. Rxb3 {[%emt 0:00:28]} Ne7 {[%emt 0:00:44]} 73. Rb7 {[%emt 0:01:49]} Nfxd5 {[%emt 0:02:35]} 74. exd5 {[%emt 0:00:26]} Nxd5 {[%emt 0:01:27]} 75. Qe4 {[%emt 0:02:25]} Bg8 {[%emt 0:00:57]} 76. Nf2 {[%emt 0:00:39]} Qa8 {[%emt 0:01:00]} 77. Rd3 {[%emt 0:00:30]} Rc5 {[%emt 0:01:25]} 78. Rdb3 {[%emt 0:01:36]} Rc1+ {[%emt 0:00:46]} 79. Ka2 {[%emt 0:00:11]} Rxg1 {[%emt 0:00:05]} 80. Rb8 {[%emt 0:00:37]} Qxb8 {[%emt 0:00:08]} 0-1

[Event "2nd Gujarat Open 2019"]
[Site "Ahmedabad, Gujarat"]
[Date "2019.09.29"]
[Round "10.17"]
[White "Kavinda, Akila"]
[Black "Bharat Kumar Reddy Poluri"]
[Result "0-1"]
[WhiteElo "2029"]
[BlackElo "2304"]
[Annotator "ChessBase"]
[PlyCount "54"]
[EventDate "2019.09.22"]
[EventType "swiss"]
[EventCountry "IND"]
[SourceTitle "playchess.com"]
[Source "ChessBase"]
[SourceQuality "1"]
[TimeControl "5400+30"]

1. d4 {[%emt 0:00:00]} e6 {[%emt 0:01:27]} 2. Nf3 {[%emt 0:00:00]} d5 {[%emt 0:00:12]} 3. c4 {[%emt 0:00:00]} Nf6 {[%emt 0:00:03]} 4. e3 {[%emt 0:00:17]} b6 {[%emt 0:01:27]} 5. b3 {[%emt 0:02:44]} Bb7 {[%emt 0:00:13]} 6. Bd3 {[%emt 0:00:07]} Be7 {[%emt 0:00:35]} 7. O-O {[%emt 0:00:19]} O-O {[%emt 0:00:03]} 8. Nc3 {[%emt 0:03:39]} Nbd7 {[%emt 0:00:35]} 9. Bb2 {[%emt 0:02:01]} c5 {[%emt 0:00:13]} 10. cxd5 {[%emt 0:05:49]} Nxd5 {[%emt 0:01:57]} 11. Nxd5 {[%emt 0:21:23]} Bxd5 {[%emt 0:00:34]} 12. Rc1 {[%emt 0:10:46]} Bf6 {[%emt 0:02:58]} 13. Ba3 {[%emt 0:13:42]} Be7 {[%emt 0:02:10]} 14. Bb2 {[%emt 0:04:12]} Bb7 {[%emt 0:00:54]} 15. Qe2 {[%emt 0:00:55]} cxd4 {[%emt 0:00:18]} 16. Nxd4 {[%emt 0:02:11]} Nc5 {[%emt 0:00:19]} 17. Bb5 {[%emt 0:14:30]} Bf6 {[%emt 0:02:46]} 18. Rfd1 {[%emt 0:01:07]} Qd5 {[%emt 0:07:45]} 19. f3 {[%emt 0:02:15]} a6 {[%emt 0:01:46]} 20. Bc4 {[%emt 0:06:47]} Qh5 {[%emt 0:01:49]} 21. b4 {[%emt 0:03:27]} Na4 {[%emt 0:00:09]} 22. Ba1 {[%emt 0:00:17]} b5 {[%emt 0:00:24]} 23. Bb3 {[%emt 0:01:15]} Rac8 {[%emt 0:01:20]} 24. Bxa4 {[%emt 0:03:38]} bxa4 {[%emt 0:00:09]} 25. Qe1 {[%emt 0:00:34]} Be5 {[%emt 0:00:50]} 26. f4 {[%emt 0:00:23]} Bf6 {[%emt 0:00:58]} 27. Qg3 {[%emt 0:00:37]} e5 {[%emt 0:00:49]} 0-1

[Event "2nd Gujarat Open 2019"]
[Site "Ahmedabad, Gujarat"]
[Date "2019.09.29"]
[Round "10.18"]
[White "Pandey Srishti"]
[Black "Srihari L R"]
[Result "1/2-1/2"]
[WhiteElo "1928"]
[BlackElo "2283"]
[Annotator "ChessBase"]
[PlyCount "51"]
[EventDate "2019.09.22"]
[EventType "swiss"]
[EventCountry "IND"]
[SourceTitle "playchess.com"]
[Source "ChessBase"]
[SourceQuality "1"]
[TimeControl "5400+30"]

1. d4 {[%emt 0:00:00]} d6 {[%emt 0:00:37]} 2. e4 {[%emt 0:00:00]} g6 {[%emt 0:01:05]} 3. Nc3 {[%emt 0:00:00]} Bg7 {[%emt 0:00:07]} 4. Be2 {[%emt 0:00:03]} Nd7 {[%emt 0:00:39]} 5. Be3 {[%emt 0:00:18]} a6 {[%emt 0:02:47]} 6. a4 {[%emt 0:00:04]} b6 {[%emt 0:01:19]} 7. f4 {[%emt 0:03:22]} e6 {[%emt 0:01:00]} 8. Bf3 {[%emt 0:01:46]} Bb7 {[%emt 0:00:58]} 9. Nge2 {[%emt 0:00:17]} Ne7 {[%emt 0:00:16]} 10. O-O {[%emt 0:01:24]} O-O {[%emt 0:01:13]} 11. Ng3 {[%emt 0:01:31]} f5 {[%emt 0:01:32]} 12. e5 {[%emt 0:01:12]} Bxf3 {[%emt 0:00:20]} 13. Rxf3 {[%emt 0:00:17]} Qc8 {[%emt 0:06:34]} 14. Nge2 {[%emt 0:13:05]} Qb7 {[%emt 0:02:42]} 15. Qe1 {[%emt 0:02:42]} b5 {[%emt 0:05:43]} 16. Qh4 {[%emt 0:00:34]} Kf7 {[%emt 0:01:45]} 17. Rd1 {[%emt 0:08:18]} b4 {[%emt 0:07:55]} 18. d5 {[%emt 0:01:28]} bxc3 {[%emt 0:00:49]} 19. dxe6+ {[%emt 0:00:04]} Kxe6 {[%emt 0:00:04]} 20. Qxh7 {[%emt 0:14:02]} Bxe5 {[%emt 0:25:18]} 21. Nd4+ {[%emt 0:13:59]} Bxd4 {[%emt 0:00:50]} 22. Bxd4 {[%emt 0:00:00]} Nf6 {[%emt 0:07:13]} 23. Bxf6 {[%emt 0:00:11]} Kxf6 24. Qh4+ {[%emt 0:05:59]} Kf7 {[%emt 0:00:17]} 25. Qh7+ {[%emt 0:00:55]} Kf6 {[%emt 0:01:21]} 26. Re1 1/2-1/2

[Event "2nd Gujarat Open 2019"]
[Site "Ahmedabad, Gujarat"]
[Date "2019.09.29"]
[Round "10.19"]
[White "Barath Kalyan M"]
[Black "Vlassov, Nikolai"]
[Result "0-1"]
[WhiteElo "2092"]
[BlackElo "2384"]
[Annotator "ChessBase"]
[PlyCount "56"]
[EventDate "2019.09.22"]
[EventType "swiss"]
[EventCountry "IND"]
[SourceTitle "playchess.com"]
[Source "ChessBase"]
[SourceQuality "1"]
[TimeControl "5400+30"]

1. d4 {[%emt 0:00:14]} Nf6 {[%emt 0:00:00]} 2. c4 {[%emt 0:00:14]} Nc6 {[%emt 0:00:00]} 3. Nf3 {[%emt 0:00:18]} e6 {[%emt 0:00:00]} 4. a3 {[%emt 0:00:22]} g6 {[%emt 0:00:00]} 5. Nc3 {[%emt 0:02:58]} Bg7 {[%emt 0:00:00]} 6. d5 {[%emt 0:07:01]} Ne7 {[%emt 0:01:46]} 7. dxe6 {[%emt 0:02:19]} fxe6 {[%emt 0:00:10]} 8. e3 {[%emt 0:02:39]} O-O {[%emt 0:00:35]} 9. Be2 {[%emt 0:02:03]} b6 {[%emt 0:02:17]} 10. Qc2 {[%emt 0:01:28]} Bb7 {[%emt 0:00:21]} 11. b4 {[%emt 0:00:39]} Nf5 {[%emt 0:07:02]} 12. O-O {[%emt 0:03:55]} Ne4 {[%emt 0:03:47]} 13. Bb2 {[%emt 0:15:24]} Ng5 {[%emt 0:07:01]} 14. Nd2 {[%emt 0:13:09]} Nh3+ {[%emt 0:08:46]} 15. Kh1 {[%emt 0:01:50]} Nxf2+ {[%emt 0:07:08]} 16. Rxf2 {[%emt 0:01:08]} Nxe3 {[%emt 0:00:08]} 17. Qd3 {[%emt 0:02:29]} Rxf2 {[%emt 0:00:30]} 18. Qxe3 {[%emt 0:00:23]} Rxg2 {[%emt 0:00:29]} 19. Nf3 {[%emt 0:02:22]} Rxe2 {[%emt 0:03:09]} 20. Qxe2 {[%emt 0:02:25]} Qf6 {[%emt 0:00:08]} 21. Rf1 {[%emt 0:03:08]} Rf8 {[%emt 0:00:08]} 22. Kg2 {[%emt 0:00:46]} Qg5+ {[%emt 0:00:48]} 23. Kh3 {[%emt 0:02:50]} Qf5+ {[%emt 0:00:13]} 24. Kg3 {[%emt 0:01:23]} Qf4+ {[%emt 0:00:08]} 25. Kg2 {[%emt 0:00:14]} Qg4+ {[%emt 0:00:06]} 26. Kf2 {[%emt 0:01:03]} Bxf3 {[%emt 0:00:12]} 27. Qd2 {[%emt 0:00:13]} Be2+ {[%emt 0:00:20]} 28. Ke1 {[%emt 0:00:04]} Rxf1# 0-1

[Event "2nd Gujarat Open 2019"]
[Site "Ahmedabad, Gujarat"]
[Date "2019.09.29"]
[Round "10.20"]
[White "Anadkat Kartavya"]
[Black "Pranav, V."]
[Result "1-0"]
[WhiteElo "2088"]
[BlackElo "2308"]
[Annotator "NA"]
[PlyCount "151"]
[EventDate "2019.09.22"]
[EventType "swiss"]
[EventCountry "IND"]
[SourceTitle "playchess.com"]
[Source "ChessBase"]
[SourceQuality "1"]
[TimeControl "5400+30"]

1. e4 c5 2. Nf3 Nc6 3. g3 g6 4. Bg2 Bg7 5. O-O e5 6. c3 Nge7 7. d3 O-O 8. a3 d5 9. exd5 Nxd5 10. Nbd2 h6 11. Re1 Re8 12. Nc4 Bf5 13. Nh4 Be6 14. Qc2 Qc7 15. Bd2 Rad8 16. Rad1 b5 17. Ne3 Nxe3 18. Bxe3 Na5 19. Qe2 Bb3 20. Rd2 Rd6 21. Qf1 Rde6 22. Rde2 Qd6 23. f4 exf4 24. Bxf4 Qd8 25. Rxe6 Rxe6 26. Rxe6 Bxe6 27. Nf3 Bd5 28. Qe2 g5 29. Be3 Nb3 30. Ne1 Be6 31. Qf3 Qe7 32. Qb7 Bd7 33. Qe4 Be6 34. Qb7 Qe8 35. Qxa7 Bd5 36. Kf2 Bxg2 37. Nxg2 Qd8 38. Ne1 Qf6+ 39. Kg1 Qc6 40. Qe7 f5 41. Bf2 Bf6 42. Qe3 Kg7 43. h3 Qd7 44. Qe2 Qd5 45. g4 fxg4 46. hxg4 Qd7 47. Qe4 Nd2 48. Qe2 Nb3 49. Be3 Qe6 50. Qf3 Be7 51. Qe4 Qd7 52. Nf3 Bf6 53. Kg2 Qc7 54. Nh2 Qe5 55. Qxe5 Bxe5 56. Nf3 Kf6 57. Kf2 Ke6 58. Ke2 Bf6 59. Kd1 Kd5 60. Kc2 Na1+ 61. Kb1 Nb3 62. Kc2 Na1+ 63. Kd1 Nb3 64. Nd2 c4 65. dxc4+ bxc4 66. Nxb3 cxb3 67. Kd2 Kc4 68. Bf2 Be5 69. Be3 Bd6 70. a4 Bc7 71. Ke2 Be5 72. Kd2 Bc7 73. Bd4 Bf4+ 74. Kd1 Bc7 75. Bg7 Kd3 76. Bxh6 1-0

[Event "2nd Gujarat Open 2019"]
[Site "Ahmedabad, Gujarat"]
[Date "2019.09.29"]
[Round "10.21"]
[White "Shailesh, Dravid"]
[Black "Pimpalkhare Vedant"]
[Result "1-0"]
[WhiteElo "2299"]
[BlackElo "2104"]
[Annotator "ChessBase"]
[PlyCount "57"]
[EventDate "2019.09.22"]
[EventType "swiss"]
[EventCountry "IND"]
[SourceTitle "playchess.com"]
[Source "ChessBase"]
[SourceQuality "1"]
[TimeControl "5400+30"]

1. b3 {[%emt 0:00:00]} Nf6 {[%emt 0:01:14]} 2. Bb2 {[%emt 0:00:00]} e6 {[%emt 0:00:16]} 3. Nf3 {[%emt 0:00:00]} Be7 {[%emt 0:00:36]} 4. e3 {[%emt 0:00:21]} b6 {[%emt 0:00:08]} 5. c4 {[%emt 0:00:12]} c5 {[%emt 0:00:12]} 6. Be2 {[%emt 0:00:50]} Bb7 {[%emt 0:00:12]} 7. Nc3 {[%emt 0:00:16]} d6 {[%emt 0:04:05]} 8. O-O {[%emt 0:02:42]} O-O {[%emt 0:00:06]} 9. d4 {[%emt 0:00:49]} cxd4 {[%emt 0:00:22]} 10. exd4 {[%emt 0:03:42]} d5 {[%emt 0:05:34]} 11. Ne5 {[%emt 0:02:39]} dxc4 {[%emt 0:09:27]} 12. bxc4 {[%emt 0:01:05]} Nbd7 {[%emt 0:01:27]} 13. Bd3 {[%emt 0:02:19]} Rc8 {[%emt 0:26:36]} 14. Qe2 {[%emt 0:03:29]} Re8 {[%emt 0:01:31]} 15. Rad1 {[%emt 0:02:21]} Nf8 {[%emt 0:01:03]} 16. h4 {[%emt 0:05:08]} Qc7 {[%emt 0:08:20]} 17. h5 {[%emt 0:01:50]} Red8 {[%emt 0:01:50]} 18. h6 {[%emt 0:02:59]} g6 {[%emt 0:00:01]} 19. d5 {[%emt 0:05:13]} exd5 {[%emt 0:04:06]} 20. Nb5 {[%emt 0:01:50]} Qc5 {[%emt 0:08:58]} 21. Ba3 {[%emt 0:01:43]} Qxa3 {[%emt 0:01:13]} 22. Nxa3 {[%emt 0:00:04]} Bxa3 {[%emt 0:00:03]} 23. Qf3 {[%emt 0:02:06]} Be7 {[%emt 0:00:02]} 24. Rfe1 {[%emt 0:00:21]} Ne6 {[%emt 0:01:24]} 25. Ng4 {[%emt 0:03:09]} Nxg4 {[%emt 0:02:41]} 26. Qxg4 {[%emt 0:00:05]} Rd6 {[%emt 0:03:46]} 27. cxd5 {[%emt 0:02:15]} Bxd5 {[%emt 0:01:42]} 28. Bf5 {[%emt 0:02:56]} Rcd8 {[%emt 0:04:39]} 29. Rxd5 {[%emt 0:01:29]} 1-0